Countries with the Biggest Net Change - Statistics

General Stats
  • This quiz has been taken 8 times
  • The average score is 17 of 30
Answer Stats
Net Change Country % Correct
1,937,734 United States
100%
1,509,890 Brazil
88%
5,540,090 China
88%
1,946,331 Egypt
75%
13,586,631 India
75%
2,898,047 Indonesia
75%
1,079,043 Iran
75%
895,929 Niger
75%
5,175,990 Nigeria
75%
2,770,836 D.R. Congo
63%
912,710 Iraq
63%
4,327,022 Pakistan
63%
1,464,463 Philippines
63%
876,473 Vietnam
63%
797,990 Algeria
50%
1,643,222 Bangladesh
50%
2,884,858 Ethiopia
50%
1,197,323 Kenya
50%
1,357,224 Mexico
50%
1,036,022 Sudan
50%
909,452 Turkey
50%
1,471,413 Uganda
50%
1,040,977 Angola
38%
669,483 Cameroon
38%
721,711 Madagascar
38%
750,420 South Africa
38%
1,728,755 Tanzania
38%
664,042 Yemen
25%
886,592 Afghanistan
13%
889,399 Mozambique
13%
No matching quizzes found
Score Distribution
Percent of People with Each Score
Percentile by Number Answered
Your Score History
You have not taken this quiz